Every Country without a letter - O - Statistics

General Stats
  • This quiz has been taken 613 times
  • The average score is 110 of 130
Answer Stats
Hint Answer % Correct
F France
96%
R Russia
96%
F Finland
95%
D Denmark
94%
G Germany
94%
I Iceland
94%
I India
94%
C China
93%
A Albania
93%
I Iraq
93%
S Sweden
93%
A Australia
92%
B Belgium
92%
I Iran
92%
I Ireland
92%
J Japan
92%
V Vatican City
92%
B Brazil
91%
G Greece
91%
H Hungary
91%
I Italy
91%
Q Qatar
91%
V Venezuela
91%
A Austria
90%
K Kazakhstan
90%
S Spain
90%
U Uruguay
90%
Y Yemen
90%
A Armenia
89%
L Latvia
89%
L Lithuania
89%
P Paraguay
89%
P Peru
89%
A Afghanistan
88%
B Bulgaria
88%
C Canada
88%
F Fiji
88%
H Haiti
88%
J Jamaica
88%
N Netherlands
88%
U Ukraine
88%
U United States
88%
A Algeria
87%
A Argentina
87%
A Azerbaijan
87%
B Bhutan
87%
C Chile
87%
L Liechtenstein
87%
P Panama
87%
S Serbia
87%
V Vietnam
87%
B Belarus
86%
E Egypt
86%
I Israel
86%
K Kenya
86%
N New Zealand
86%
P Pakistan
86%
T Turkmenistan
86%
U Uzbekistan
86%
C Cuba
85%
C Czech Republic
85%
G Ghana
85%
G Guyana
85%
K Kuwait
85%
K Kyrgyzstan
85%
N Nicaragua
85%
S Saint Kitts and Nevis
85%
S Saint Lucia
85%
S Switzerland
85%
A Antigua and Barbuda
84%
B Bangladesh
84%
G Guinea
84%
M Malta
84%
P Palau
84%
T Tajikistan
84%
B Belize
83%
C Chad
83%
G Guatemala
83%
K Kiribati
83%
S Saint Vincent and the Grenadines
83%
T Thailand
83%
Z Zambia
83%
B Bahamas
82%
L Libya
82%
N Nauru
82%
N Nepal
82%
R Rwanda
82%
S Suriname
82%
U Uganda
82%
Z Zimbabwe
82%
E Eritrea
81%
M Mali
81%
P Papua New Guinea
81%
S Syria
81%
T Tuvalu
81%
B Benin
80%
G Grenada
80%
P Philippines
80%
S Saudi Arabia
80%
V Vanuatu
80%
B Brunei
79%
M Myanmar
79%
N Niger
79%
N Nigeria
79%
T Turkey
79%
B Bahrain
78%
G Gambia
78%
L Liberia
78%
M Malaysia
78%
M Marshall Islands
78%
E eSwatini
77%
G Guinea-Bissau
77%
M Mauritania
77%
N Namibia
77%
S Sudan
77%
T Tunisia
77%
B Burundi
76%
M Madagascar
76%
U United Arab Emirates
76%
C Cyprus
75%
M Malawi
75%
M Maldives
75%
T Taiwan
75%
M Mauritius
74%
T Tanzania
74%
S Senegal
73%
S Sri Lanka
73%
S Seychelles
72%
C Central African Republic
69%
C Cape Verde
64%
No matching quizzes found
Score Distribution
Percent of People with Each Score
Percentile by Number Answered
Your Score History
You have not taken this quiz